| 000 | 00691nam a2200229 a 4500 | ||
|---|---|---|---|
| 001 | 000008059 | ||
| 005 | 20200929154420.0 | ||
| 008 | 910315s1994 sp 001 0 spa | ||
| 020 | _a8433917978 | ||
| 040 |
_aDO-SdBNP _dBNPHU |
||
| 082 |
_a863.62 _bA357h, 1994 |
||
| 100 | 1 |
_aAldecoa, Josefina R., _d1926- _921963 |
|
| 245 | 1 | 0 |
_aHistoria de una maestra / _cJosefina R. Aldecoa. |
| 250 | _a9a ed. | ||
| 260 |
_aBarcelona : _bAnagrama, _c1994. |
||
| 300 |
_a232 p. ; _c20 cm. |
||
| 490 | 1 |
_aNarrativas Hispánicas _vno. 97 |
|
| 650 | 4 |
_aNovela española _91123 |
|
| 650 | 4 |
_aLiteratura española _9632 |
|
| 830 | 0 |
_aNarrativas Hispánicas _vno. 97 _921224 |
|
| 910 | _aCatalogación derivada | ||
| 999 |
_c7836 _d7836 |
||